01429cam a2200301 a 450000100090000000300050000900500170001400800410003101000170007202000380008904000180012704200080014505000230015308200190017610000320019524500900022725000120031726000580032930000390038750503880042665000260081465000350084070000350087590600450091094200240095599900190097995201290099816618522NUST20230127131059.0110121s2011 enka b 001 0 eng  a 2011001778 a9780273743835 (pbk. : alk. paper) aDLCcDLCdDLC apcc00aLB1047.3bM45 201100a808.02,MCM2221 aMcMillan, Kathleen.910792310aHow to write dissertations & project reports / cKathleen McMillan & Jonathan Weyers. a2nd ed. aHarlow, England ;aNew York :bPrentice Hall,cc2011. axii, 288 p. :bcol. ill. ;c22 cm. aIntroduction (Page-3), Planning your research (Page-21), Finding and Filtering information (Page-61), Applying research techniques (Page-109), Working with data and numbers (Page-157), Addressing issues of plagiarism, referencing and ethics (Page-185), Writing a first draft (Page-221), Editing, revising and presenting (Page-249), References and further reading glossary (Page-280). 0aReport writing.93246 0aDissertations, Academic.936581 aWeyers, Jonathan D. B.9107924 a7bcbccorignewd1eecipf20gy-gencatlg 2ddccBKk808.02,MCM c593036d593036 00102ddc4070aMCSbMCScGENd2023-01-27l0o808.02,MCMpMCS37744r2023-01-27w2023-01-27yBKzAlmirah No. 56, Shelf No. 1